Central Library OPAC University of Rajshahi

Fundamentals of chemistry / (Record no. 9451)

MARC details
000 -LEADER
fixed length control field 00754pam a2200265 i 4500
001 - CONTROL NUMBER
control field 9451
003 - CONTROL NUMBER IDENTIFIER
rucl marc code BD-RjUL
005 - DATE AND TIME OF LATEST TRANSACTION
control field 20211208234759.0
008 - FIXED-LENGTH DATA ELEMENTS--GENERAL INFORMATION
fixed length control field 140121s1980 maua 001 0 eng
020 ## - INTERNATIONAL STANDARD BOOK NUMBER
International Standard Book Number 0871507366
035 ## - SYSTEM CONTROL NUMBER
System control number (BD-RjUL)9496
040 ## - CATALOGING SOURCE
Original cataloging agency DLC
Transcribing agency DLC
Modifying agency DLC
-- BD-RjUL
Language of cataloging eng
041 ## - LANGUAGE CODE
Language code of text/sound track or separate title eng
082 00 - DEWEY DECIMAL CLASSIFICATION NUMBER
Classification number 540
Author mark and year WAF
100 1# - MAIN ENTRY--PERSONAL NAME
Personal name Wartell, Michael A.
9 (RLIN) 29280
245 10 - TITLE STATEMENT
Title Fundamentals of chemistry /
Statement of responsibility, etc. Michael A. Wartell, Jack D. Cummins.
260 ## - PUBLICATION, DISTRIBUTION, ETC. (IMPRINT)
Place of publication, distribution, etc. Boston, Mass. :
Name of publisher, distributor, etc. W. Grant Press,
Date of publication, distribution, etc. c1980.
300 ## - PHYSICAL DESCRIPTION
Pagination xi, 484 p. :
Illustrations ill. ;
Size 25 cm.
500 ## - GENERAL NOTE
General note Includes index.
650 #0 - SUBJECT ADDED ENTRY--TOPICAL TERM
Topical term or geographic name as entry element Chemistry.
9 (RLIN) 29281
700 1# - ADDED ENTRY--PERSONAL NAME
Personal name Cummins, Jack D.,
Dates associated with a name 1939-
Relator term joint author.
942 ## - ADDED ENTRY ELEMENTS (KOHA)
Source of classification or shelving scheme Dewey Decimal Classification
Koha item type Books
Holdings
Lost status Source of classification or shelving scheme Damaged status Not for loan Collection code Permanent Location Current Location Shelving location Date acquired Source of acquisition Cost, normal purchase price Total Checkouts Full call number Date last seen Copy number Koha item type
  Dewey Decimal Classification     Non-fiction Central Library, University of Rajshahi Central Library, University of Rajshahi   17/04/1989 Asia Foundation 0.00   540 WAF 1980 21/01/2014 C-2 Books
  Dewey Decimal Classification     Non-fiction Central Library, University of Rajshahi Central Library, University of Rajshahi   17/04/1989 Asia Foundation     540 WAF 1980 02/03/2014 C-3 Books